Athletes With Common Lastnames - Statistics

General Stats
  • This quiz has been taken 12 times
  • The average score is 7 of 15
Answer Stats
Hint Answer % Correct
Calvin, Magic, Brennan Johnson
100%
Serena, Venus Williams
100%
Moussa, Ousmane Dembele
70%
Julius, Chandlier, Jon Jones
60%
Carson, Cole, Arnold Palmer
60%
Theo, Lucas, Javier Hernandez
50%
Patrick, Evander, Harry Kane
40%
Russell, Tom, Luke Wilson
40%
Jack, Luke, Quinn Hughes
30%
Manny, Jose, Aramis Ramirez
30%
James, Julio, Alex Rodriguez
30%
Brady, Matthew, Keith Tkachuk
30%
Henrik, Daniel Sedin
20%
Erik, William, Linus Karlsson
10%
Elias, Marcus Pettersson
10%
No matching quizzes found
Score Distribution
Percent of People with Each Score
Percentile by Number Answered
Your Score History
You have not taken this quiz